Tuxtla Gutiérrez Int. Airport Destinations (Tuxtla Gutiérrez, Mexico) - Statistics

General Stats
  • This quiz has been taken 14 times
    6 since last reset
  • The average score is 6 of 9
Answer Stats
Airline Destination % Correct
Viva/Volaris Cancún
100%
Aeroméxico/Aeroméxico Connect/Viva/Volaris Mexico City
100%
Viva Mérida
80%
Viva/Volaris Monterrey
80%
Viva/Volaris Tijuana
80%
Viva/Volaris Guadalajara
60%
Viva Mexico City (AIFA)
40%
Volaris Leon/El Bajio
20%
Volaris Mexicali
0%
No matching quizzes found
Score Distribution
Percent of People with Each Score
Percentile by Number Answered
Your Score History
You have not taken this quiz since the last reset